[Event "Pan American-ch U20"]
[Site "Asuncion"]
[Date "2025.06.17"]
[Round "6"]
[White "Liang, Jason"]
[Black "Reyes Zavaleta, Fabian Ricardo"]
[Result "1-0"]
[WhiteElo "2380"]
[BlackElo "2314"]
[PlyCount "211"]
[EventDate "2025.06.14"]
[EventType "swiss"]
[EventRounds "9"]
[EventCountry "PAR"]
[SourceTitle "CB26_2025"]
[SourceDate "2025.06.25"]
[SourceVersion "1"]
[SourceVersionDate "2025.06.25"]
[SourceQuality "1"]

1. e4 c5 2. Nf3 d6 3. d4 cxd4 4. Nxd4 Nf6 5. Nc3 a6 6. Be3 e6 7. Be2 Be7 8. g4 d5 9. exd5 Nxd5 10. Nxd5 Qxd5 11. Bf3 Qa5+ 12. Qd2 Qxd2+ 13. Bxd2 e5 14. Nf5 Bxf5 15. gxf5 Nc6 16. Be4 0-0-0 17. h4 g6 18. c3 Bf6 19. h5 Ne7 20. hxg6 hxg6 21. fxg6 Rxh1+ 22. Bxh1 Nxg6 23. 0-0-0 Nf4 24. Be3 Rxd1+ 25. Kxd1 Bg5 26. Be4 Kc7 27. Bf5 Bh4 28. f3 Nd5 29. Bd2 Ne7 30. Bc2 f5 31. a4 Kd6 32. b4 Ke6 33. Bb3+ Kd7 34. Ke2 Nc6 35. Kd3 Bf2 36. Bh6 Be1 37. Bg7 Kd6 38. Bf8+ Kd7 39. Bd5 b5 40. a5 Bg3 41. Ke2 Bh4 42. Bc5 Bf6 43. Kd2 Bg5+ 44. Kc2 Bd8 45. Kb3 Bc7 46. Bf7 Bd6 47. Bf2 Ke7 48. Bd5 Kd7 49. Bh4 Kc7 50. Kb2 Ne7 51. Be6 Kb7 52. Bg5 Kc7 53. Kc1 Kb7 54. Kd2 Kc7 55. Kd3 Kb7 56. Bf6 Kc6 57. Bg5 Kb7 58. Bd2 Kc7 59. c4 e4+ 60. fxe4 fxe4+ 61. Kxe4 bxc4 62. Kd4 Nc6+ 63. Kxc4 Ne5+ 64. Kb3 Nc6 65. Bc4 Kb7 66. Bd5 Kc7 67. Bc3 Bf4 68. Ka4 Bd6 69. Be1 Bf4 70. Bg2 Bd6 71. Bd2 Bg3 72. Bf1 Kb7 73. Be3 Be1 74. Bc5 Bd2 75. Bd6 Ka7 76. Bg2 Nd8 77. Bc5+ Kb8 78. Bb6 Ne6 79. Bf1 Kb7 80. Bg2+ Kb8 81. Bd5 Nc7 82. Bc6 Bf4 83. Bc5 Ne6 84. Bf2 Nc7 85. Kb3 Bd6 86. Kc4 Kc8 87. Bg2 Kb8 88. Bc5 Bg3 89. Bh3 Kb7 90. Kd3 Bh2 91. Bd7 Bg3 92. Ke4 Nb5 93. Kd5 Nc7+ 94. Ke4 Nb5 95. Kf5 Nc3 96. Ke6 Ne4 97. Be7 Kc7 98. Ba4 Nc3 99. Bc2 Kc6 100. Bd3 Kb7 101. Kd7 Be1 102. Bf1 Na2 103. Bg2+ Ka7 104. Bc5+ Kb8 105. Bd6+ Ka7 106. Kc8 1-0

[Event "Pan American-ch U20"]
[Site "Asuncion"]
[Date "2025.06.14"]
[Round "1"]
[White "Liang, Jason"]
[Black "Orrego Palermo, Marcelo Andres"]
[Result "1-0"]
[WhiteElo "2380"]
[BlackElo "2106"]
[PlyCount "90"]
[EventDate "2025.06.14"]
[EventType "swiss"]
[EventRounds "9"]
[EventCountry "PAR"]
[SourceTitle "CB26_2025"]
[SourceDate "2025.06.25"]
[SourceVersion "1"]
[SourceVersionDate "2025.06.25"]
[SourceQuality "1"]

1. e4 c5 2. Nf3 d6 3. d4 cxd4 4. Nxd4 Nf6 5. Nc3 a6 6. h3 Nc6 7. g4 g6 8. Be3 Nxd4 9. Qxd4 Bg7 10. 0-0-0 0-0 11. e5 Nd7 12. f4 dxe5 13. Qb4 exf4 14. Bxf4 Qb6 15. Qxe7 Ne5 16. Nd5 Qe6 17. Bg2 Nc6 18. Qc5 Qe2 19. Rd2 Qb5 20. Qa3 Be6 21. Bf1 Qa5 22. Qxa5 Nxa5 23. Be2 Rad8 24. Rhd1 Nc6 25. Ne7+ Kh8 26. Nxc6 Rxd2 27. Rxd2 bxc6 28. Bxa6 h5 29. gxh5 Ra8 30. hxg6 fxg6 31. Rd6 Bd5 32. Bd3 Rxa2 33. c3 Ra8 34. Rxg6 Rd8 35. Kc2 Rf8 36. Rg4 Be6 37. Rh4+ Kg8 38. Bh7+ Kf7 39. Bg5 Rh8 40. Rf4+ Ke8 41. Bg6+ Kd7 42. h4 Be5 43. Ra4 Rg8 44. Ra7+ Kd6 45. Be7+ Kd5 1-0

[Event "Pan American-ch U20"]
[Site "Asuncion"]
[Date "2025.06.14"]
[Round "2"]
[White "Mendes Domingues, Ribeiro Matheus"]
[Black "Liang, Jason"]
[Result "0-1"]
[WhiteElo "2294"]
[BlackElo "2380"]
[PlyCount "120"]
[EventDate "2025.06.14"]
[EventType "swiss"]
[EventRounds "9"]
[EventCountry "PAR"]
[SourceTitle "CB26_2025"]
[SourceDate "2025.06.25"]
[SourceVersion "1"]
[SourceVersionDate "2025.06.25"]
[SourceQuality "1"]

1. Nf3 d5 2. g3 Nf6 3. Bg2 e6 4. 0-0 Be7 5. c4 0-0 6. d4 c6 7. Qc2 Nbd7 8. Nbd2 b6 9. e4 Bb7 10. Rd1 Rc8 11. b3 c5 12. exd5 exd5 13. dxc5 Bxc5 14. Bb2 b5 15. Qf5 Qb6 16. Ne5 Nxe5 17. Bxe5 Bxf2+ 18. Qxf2 Qxf2+ 19. Kxf2 Ng4+ 20. Kg1 Nxe5 21. cxd5 Rfd8 22. Rac1 Rxc1 23. Rxc1 Kf8 24. Nf1 Nd3 25. Rd1 Ne5 26. Rc1 f6 27. Ne3 Rc8 28. Rxc8+ Bxc8 29. Kf1 Ke7 30. Ke2 Kd6 31. Kd2 b4 32. Kc2 Kc5 33. Kd2 g6 34. h4 a5 35. Be4 f5 36. Bg2 Ba6 37. Kc2 Bb5 38. Kd2 Nf7 39. Nc2 Ne5 40. Ne3 Nd7 41. Bf3 Nf6 42. h5 Kd4 43. hxg6 hxg6 44. Ng2 g5 45. Ne3 Bd7 46. Nc2+ Kc5 47. Ne3 g4 48. Bg2 Nh5 49. Nf1 Bb5 50. Ne3 Nxg3 51. Ke1 Bd3 52. Kd2 Be4 53. Bxe4 Nxe4+ 54. Kd3 Nd6 55. Ke2 Kd4 56. Kd2 g3 57. Ke2 f4 58. Nc2+ Ke4 59. Ne1 Nb5 60. Nf3 Nc3+ 0-1

[Event "Chicago op 34th"]
[Site "Chicago"]
[Date "2025.05.26"]
[Round "9"]
[White "Liang, Jason"]
[Black "Mamatov, Melis"]
[Result "1-0"]
[WhiteElo "2378"]
[BlackElo "2339"]
[PlyCount "83"]
[EventDate "2025.05.22"]
[EventType "swiss"]
[EventRounds "9"]
[EventCountry "USA"]
[SourceTitle "CB23_2025"]
[SourceDate "2025.06.04"]
[SourceVersion "1"]
[SourceVersionDate "2025.06.04"]
[SourceQuality "1"]

1. e4 c5 2. Nf3 d6 3. Bb5+ Nc6 4. 0-0 Bd7 5. Re1 a6 6. Bxc6 Bxc6 7. d4 cxd4 8. Nxd4 Nf6 9. Nxc6 bxc6 10. Qf3 e5 11. Nd2 Be7 12. Nc4 0-0 13. b3 Qc7 14. Ba3 a5 15. Qe3 Rfb8 16. Rad1 Ne8 17. f4 exf4 18. Qxf4 Rd8 19. Rf1 Bf8 20. Ne3 a4 21. Bb2 axb3 22. axb3 f6 23. Qg4 d5 24. exd5 Bc5 25. Qe6+ Kh8 26. Bd4 cxd5 27. Kh1 Bxd4 28. Rxd4 Qc3 29. Rd3 Nc7 30. Qf7 Qe5 31. h3 Rf8 32. Qd7 Rad8 33. Qg4 Rfe8 34. Rfd1 g6 35. Qf3 f5 36. Nxd5 Ne6 37. Re3 Qb8 38. c4 Kg7 39. Rde1 Ng5 40. Re7+ Kh6 41. Qf2 Rxe7 42. Qh4+ 1-0

[Event "Chicago op 34th"]
[Site "Chicago"]
[Date "2025.05.25"]
[Round "6"]
[White "Wan, Joseph C"]
[Black "Liang, Jason"]
[Result "0-1"]
[WhiteElo "2254"]
[BlackElo "2378"]
[PlyCount "98"]
[EventDate "2025.05.22"]
[EventType "swiss"]
[EventRounds "9"]
[EventCountry "USA"]
[SourceTitle "CB23_2025"]
[SourceDate "2025.06.04"]
[SourceVersion "1"]
[SourceVersionDate "2025.06.04"]
[SourceQuality "1"]

1. e4 e5 2. Nf3 Nc6 3. Nc3 Nf6 4. a3 g6 5. Nxe5 Nxe5 6. d4 Nc6 7. d5 Bg7 8. dxc6 bxc6 9. Bd3 0-0 10. 0-0 d6 11. h3 Re8 12. Bg5 Bb7 13. Qd2 Qc8 14. Qf4 Nd7 15. Bc4 Ne5 16. Ba2 Ba6 17. Rfe1 Rb8 18. Rab1 Bc4 19. Bf6 Bxa2 20. Nxa2 Nc4 21. Bxg7 Kxg7 22. Qc1 Qa6 23. Nb4 Qb6 24. Nd3 Qd4 25. b3 Ne5 26. Nxe5 Rxe5 27. Qe3 c5 28. c3 Qxe3 29. Rxe3 a5 30. Kf1 f5 31. exf5 Rxe3 32. fxe3 gxf5 33. Ke2 Kf6 34. Kd3 d5 35. c4 c6 36. Rb2 h5 37. Kc3 Ke5 38. Kd3 h4 39. Kc3 Ke4 40. Rd2 Rg8 41. cxd5 cxd5 42. b4 axb4+ 43. axb4 cxb4+ 44. Kxb4 Kxe3 45. Rxd5 f4 46. Kc3 Rxg2 47. Re5+ Kf2 48. Kd3 f3 49. Ke4 Rg3 0-1

[Event "Chicago op 34th"]
[Site "Chicago"]
[Date "2025.05.23"]
[Round "2"]
[White "McConnell, Sullivan Mac"]
[Black "Liang, Jason"]
[Result "1/2-1/2"]
[WhiteElo "2216"]
[BlackElo "2378"]
[PlyCount "106"]
[EventDate "2025.05.22"]
[EventType "swiss"]
[EventRounds "9"]
[EventCountry "USA"]
[SourceTitle "CB23_2025"]
[SourceDate "2025.06.04"]
[SourceVersion "1"]
[SourceVersionDate "2025.06.04"]
[SourceQuality "1"]

1. e4 c5 2. Nf3 d6 3. d4 cxd4 4. Qxd4 Nc6 5. Bb5 a6 6. Bxc6+ bxc6 7. c4 e5 8. Qd3 Ne7 9. Nc3 Ng6 10. Be3 Rb8 11. b3 Qc7 12. 0-0 Be7 13. c5 dxc5 14. Na4 Rb5 15. Rac1 Nf4 16. Bxf4 exf4 17. e5 0-0 18. Nc3 Rb4 19. Ne4 Rd8 20. Qc2 Bf5 21. Nf6+ Bxf6 22. Qxf5 Be7 23. Rc4 Rxc4 24. bxc4 Qd7 25. Qxf4 Qe6 26. g3 Rb8 27. Kg2 Rb2 28. a3 h6 29. Qc1 Re2 30. Qc3 Qf5 31. Rd1 g5 32. h3 h5 33. Qd3 Qxd3 34. Rxd3 g4 35. hxg4 hxg4 36. Nh2 Re4 37. Rd7 Bf8 38. Ra7 Bg7 39. Rxa6 Bxe5 40. Rxc6 Rxc4 41. a4 Bc3 42. f3 gxf3+ 43. Nxf3 Kf8 44. Ng5 Bd2 45. Nf3 Bc3 46. Ng5 Ke7 47. Kf3 Kd7 48. Ra6 f6 49. Ne4 Be5 50. Nxf6+ Bxf6 51. Rxf6 Rxa4 52. Rg6 Ke7 53. g4 Kf7 1/2-1/2

[Event "New York State Scholastic-ch"]
[Site "New York"]
[Date "2025.03.16"]
[Round "6"]
[White "Liang, Jason"]
[Black "Oh, James Y"]
[Result "1-0"]
[WhiteElo "2381"]
[BlackElo "2029"]
[PlyCount "65"]
[EventDate "2025.03.15"]
[EventType "swiss"]
[EventRounds "6"]
[EventCountry "USA"]
[SourceTitle "CB12_2025"]
[SourceDate "2025.03.19"]
[SourceVersion "1"]
[SourceVersionDate "2025.03.19"]
[SourceQuality "1"]

1. b3 Nf6 2. Bb2 c5 3. Nf3 Nc6 4. c4 d5 5. cxd5 Nxd5 6. e3 Ndb4 7. d3 Bf5 8. e4 Bg4 9. a3 Na6 10. Nbd2 Nc7 11. h3 Bxf3 12. Nxf3 Ne6 13. Rc1 Rc8 14. b4 Qb6 15. d4 cxd4 16. Bc4 Nc7 17. Qa4 Rd8 18. Ne5 e6 19. Bd3 Bxb4+ 20. axb4 0-0 21. Nxc6 bxc6 22. Rxc6 Qb7 23. 0-0 e5 24. Bc4 Kh8 25. Rc1 a6 26. Bxa6 Nxa6 27. Qxa6 Qe7 28. b5 Qg5 29. b6 d3 30. Rd1 f5 31. Rxd3 Ra8 32. Qxa8 Rxa8 33. b7 1-0

[Event "New York State Scholastic-ch"]
[Site "New York"]
[Date "2025.03.15"]
[Round "1"]
[White "Booncharoen, Nathan"]
[Black "Liang, Jason"]
[Result "0-1"]
[WhiteElo "1827"]
[BlackElo "2381"]
[PlyCount "68"]
[EventDate "2025.03.15"]
[EventType "swiss"]
[EventRounds "6"]
[EventCountry "USA"]
[SourceTitle "CB12_2025"]
[SourceDate "2025.03.19"]
[SourceVersion "1"]
[SourceVersionDate "2025.03.19"]
[SourceQuality "1"]

1. e4 c5 2. Nf3 e6 3. d4 cxd4 4. Nxd4 Nc6 5. Be3 Nf6 6. Nd2 e5 7. Nb5 d5 8. exd5 Nxd5 9. Nc4 Be6 10. a4 a6 11. Bb6 Qd7 12. Qxd5 Bxd5 13. Nc7+ Ke7 14. Rd1 Nd4 15. Nxe5 Qd6 16. Nxd5+ Qxd5 17. Bxd4 f6 18. Nf3 Kf7 19. b3 Re8+ 20. Be2 Bb4+ 21. c3 Qe4 22. Rd2 Qb1+ 23. Rd1 Qc2 24. Rd2 Qc1+ 25. Rd1 Qb2 26. Rd2 Bxc3 27. Bxc3 Qc1+ 28. Rd1 Qxc3+ 29. Kf1 Qxb3 30. Nd4 Qxa4 31. Nf5 Rxe2 32. Nd6+ Ke6 33. Kxe2 Rd8 34. Nxb7 Qc2+ 0-1

[Event "USA-ch U20"]
[Site "Saint Louis"]
[Date "2024.07.23"]
[Round "7"]
[White "Hong, Andrew Z"]
[Black "Liang, Jason"]
[Result "1-0"]
[WhiteElo "2570"]
[BlackElo "2412"]
[PlyCount "211"]
[EventDate "2024.07.16"]
[EventType "tourn"]
[EventRounds "9"]
[EventCountry "USA"]
[EventCategory "9"]
[SourceTitle "EXT 2025"]
[Source "ChessBase"]
[SourceDate "2024.10.14"]
[SourceVersion "1"]
[SourceVersionDate "2024.10.14"]
[SourceQuality "1"]

1. e4 c6 2. d4 d5 3. e5 Bf5 4. Nf3 e6 5. Be2 c5 6. Be3 cxd4 7. Nxd4 Ne7 8. 0-0 Nbc6 9. Bb5 a6 10. Bxc6+ Nxc6 11. Nxf5 exf5 12. f4 d4 13. Bf2 Bc5 14. Nd2 0-0 15. Nb3 Ba7 16. Qd3 Qc8 17. Nxd4 Nxd4 18. Bxd4 Bxd4+ 19. Qxd4 Qxc2 20. Rac1 Qe2 21. Rf2 Qb5 22. Rd2 h6 23. Rc5 Qb6 24. Rd5 Qe6 25. b3 Rac8 26. h3 f6 27. Rd7 fxe5 28. Qxe5 Qxe5 29. fxe5 Rf7 30. Rxf7 Kxf7 31. Rd7+ Ke6 32. Rxg7 Kxe5 33. Re7+ Kf4 34. Rxb7 Rc2 35. a4 Rb2 36. a5 Kg5 37. Rg7+ Kh5 38. Ra7 Rxb3 39. Rxa6 Rb2 40. Ra8 Ra2 41. a6 Kg6 42. g3 Kg7 43. Kf1 Kh7 44. Ke1 Kg7 45. Kd1 Ra3 46. a7 Ra2 47. Kc1 Kh7 48. Kb1 Ra6 49. Kb2 Kg7 50. Kc3 Ra4 51. Kb3 Ra1 52. Kc4 Ra5 53. Kb4 Ra1 54. Kc5 Rc1+ 55. Kd6 Ra1 56. Ke5 Ra5+ 57. Ke6 Ra6+ 58. Ke7 Ra1 59. Kd6 Ra2 60. Ke5 Ra5+ 61. Ke6 Ra6+ 62. Kxf5 Ra5+ 63. Kg4 Ra4+ 64. Kf3 Ra3+ 65. Ke4 Ra1 66. g4 Ra5 67. h4 Ra1 68. Kd4 Ra5 69. Kc4 Ra1 70. Kc5 Rc1+ 71. Kb6 Rb1+ 72. Kc7 Rc1+ 73. Kd8 Rd1+ 74. Ke8 Re1+ 75. Kd7 Rd1+ 76. Ke6 Re1+ 77. Kf5 Ra1 78. Kf4 Ra4+ 79. Ke5 Ra1 80. Kd6 Rd1+ 81. Ke5 Ra1 82. Rd8 Rxa7 83. Ke6 Ra4 84. Rd7+ Kg6 85. h5+ Kg5 86. Rg7+ Kh4 87. Kf5 Ra5+ 88. Kf6 Ra6+ 89. Kf7 Ra8 90. Rg6 Ra7+ 91. Kg8 Kg3 92. Rg7 Ra8+ 93. Kh7 Kf4 94. Rg6 Ra7+ 95. Kxh6 Ke5 96. Kg5 Ra5 97. h6 Ke4+ 98. Kh4 Ra1 99. Rf6 Ke5 100. Kg5 Rh1 101. Rf5+ Ke6 102. Kg6 Rh4 103. Rg5 Ke7 104. Kg7 Ke6 105. h7 Rh5 106. gxh5 1-0